Guess the 1970s song lyrics #45 - Statistics

General Stats
  • This quiz has been taken 28 times
  • The average score is 368 of 438
Answer Stats
Answer % Correct
a
100%
and
96%
And
96%
He
96%
he
96%
I
96%
the
96%
day
93%
do
93%
in
93%
man
93%
me
93%
My
93%
my
93%
on
93%
then
93%
to
93%
were
93%
We're
93%
When
93%
when
93%
be
89%
cat's
89%
cradle
89%
don't
89%
good
89%
have
89%
just
89%
know
89%
Little
89%
moon
89%
there
89%
time
89%
you
89%
You
89%
as
86%
boy
86%
came
86%
Can
86%
can
86%
gonna
86%
I'm
86%
it
86%
It
86%
it's
86%
It's
86%
of
86%
other
86%
silver
86%
So
86%
son
86%
Son
86%
spoon
86%
together
86%
was
86%
away
82%
blue
82%
come
82%
Dad
82%
get
82%
had
82%
home
82%
like
82%
Not
82%
said
82%
say
82%
we'll
82%
Well
82%
with
82%
But
79%
but
79%
from
79%
him
79%
See
79%
see
79%
up
79%
been
75%
coming
75%
for
75%
got
75%
let's
75%
love
75%
proud
75%
smile
75%
today
75%
walk
75%
way
75%
What
75%
while
75%
world
75%
bills
71%
car
71%
child
71%
I'd
71%
is
71%
much
71%
pay
71%
play
71%
that's
71%
usual
71%
college
68%
find
68%
his
68%
if
68%
learned
68%
sure
68%
talking
68%
yeah
68%
ball
64%
called
64%
flu
64%
grown
64%
kids
64%
knew
64%
nice
64%
occurred
64%
okay
64%
really
64%
them
64%
walked
64%
arrived
61%
catch
61%
head
61%
job's
61%
lot
61%
planes
61%
thanks
61%
throw
61%
before
57%
hung
57%
I've
57%
mind
57%
new
57%
phone
57%
please
57%
teach
57%
borrow
54%
grew
54%
hassle
54%
keys
54%
moved
54%
shook
54%
sit
54%
turned
54%
awhile
50%
long
50%
son's
50%
ten
50%
since
46%
He's
43%
later
43%
never
43%
retired
39%
together
39%
dimmed
18%
No matching quizzes found
Score Distribution
Percent of People with Each Score
Percentile by Number Answered
Your Score History
You have not taken this quiz